<?xml version="1.0" encoding="UTF-8"?>
<collection xmlns="http://www.loc.gov/MARC21/slim">
<record>
  <controlfield tag="001">150331</controlfield>
  <controlfield tag="005">20251017144639.0</controlfield>
  <datafield tag="024" ind1="8" ind2=" ">
    <subfield code="2">sideral</subfield>
    <subfield code="a">88520</subfield>
  </datafield>
  <datafield tag="037" ind1=" " ind2=" ">
    <subfield code="a">ART-2013-88520</subfield>
  </datafield>
  <datafield tag="041" ind1=" " ind2=" ">
    <subfield code="a">spa</subfield>
  </datafield>
  <datafield tag="100" ind1=" " ind2=" ">
    <subfield code="a">Rueda Martín, María Angeles</subfield>
    <subfield code="u">Universidad de Zaragoza</subfield>
    <subfield code="0">(orcid)0000-0003-2809-9754</subfield>
  </datafield>
  <datafield tag="245" ind1=" " ind2=" ">
    <subfield code="a">La relevancia penal del consentimiento del menor de edad en relación con los delitos contra la intimidad y la propia imagen. (Especial consideración a la disponibilidad de la propia imagen del menor de edad en el ciberespacio)</subfield>
  </datafield>
  <datafield tag="260" ind1=" " ind2=" ">
    <subfield code="c">2013</subfield>
  </datafield>
  <datafield tag="506" ind1="0" ind2=" ">
    <subfield code="a">Access copy available to the general public</subfield>
    <subfield code="f">Unrestricted</subfield>
  </datafield>
  <datafield tag="520" ind1="3" ind2=" ">
    <subfield code="a">En este trabajo se estudia la eficacia del consentimiento del menor de edad como sujeto pasivo en relación con los delitos contra la intimidad y la propia imagen contemplados en el artículo 197 del Código penal, cuando se utilizan en su comisión las nuevas tecnologías de información y comunicación. En concreto, se plantea la oportunidad y la necesidad de establecer determinados límites a la validez de dicho consentimiento en función del principio relativo al interés superior del menor por los riesgos contrastados que presenta el ciberespacio.

The present paper analyses the efficacy of the minor’s consent in the field of crimes against privacy and the own image regulated in article 197 of the Spanish Criminal Code, when new information- and communication-technologies are used to commit such crimes. Specifically, the paper considers the opportunity and necessity of establishing certain limits to the validity of the consent on the basis of the principle of superior interest of the minor due to the risks existing in the cyberspace.</subfield>
  </datafield>
  <datafield tag="536" ind1=" " ind2=" ">
    <subfield code="9">info:eu-repo/grantAgreement/ES/DGA/S13-23R</subfield>
  </datafield>
  <datafield tag="540" ind1=" " ind2=" ">
    <subfield code="9">info:eu-repo/semantics/openAccess</subfield>
    <subfield code="a">by-nc</subfield>
    <subfield code="u">https://creativecommons.org/licenses/by-nc/4.0/deed.es</subfield>
  </datafield>
  <datafield tag="655" ind1=" " ind2="4">
    <subfield code="a">info:eu-repo/semantics/article</subfield>
    <subfield code="v">info:eu-repo/semantics/publishedVersion</subfield>
  </datafield>
  <datafield tag="710" ind1="2" ind2=" ">
    <subfield code="1">4010</subfield>
    <subfield code="2">170</subfield>
    <subfield code="a">Universidad de Zaragoza</subfield>
    <subfield code="b">Dpto. Dcho.Pe.,Filos.D.e Hª D.</subfield>
    <subfield code="c">Área Derecho Penal</subfield>
  </datafield>
  <datafield tag="773" ind1=" " ind2=" ">
    <subfield code="g">4 (2013), [41 pp.]</subfield>
    <subfield code="p">InDret</subfield>
    <subfield code="t">InDret</subfield>
    <subfield code="x">1698-739X</subfield>
  </datafield>
  <datafield tag="856" ind1="4" ind2=" ">
    <subfield code="s">459481</subfield>
    <subfield code="u">http://zaguan.unizar.es/record/150331/files/texto_completo.pdf</subfield>
    <subfield code="y">Versión publicada</subfield>
  </datafield>
  <datafield tag="856" ind1="4" ind2=" ">
    <subfield code="s">582387</subfield>
    <subfield code="u">http://zaguan.unizar.es/record/150331/files/texto_completo.jpg?subformat=icon</subfield>
    <subfield code="x">icon</subfield>
    <subfield code="y">Versión publicada</subfield>
  </datafield>
  <datafield tag="856" ind1="4" ind2="1">
    <subfield code="u">https://indret.com/la-relevancia-penal-del-consentimiento-del-menor-de-edad-en-relacion-con-los-delitos-contra-la-intimidad-y-la-propia-imagen/</subfield>
    <subfield code="z">Texto completo de la revista</subfield>
  </datafield>
  <datafield tag="909" ind1="C" ind2="O">
    <subfield code="o">oai:zaguan.unizar.es:150331</subfield>
    <subfield code="p">articulos</subfield>
    <subfield code="p">driver</subfield>
  </datafield>
  <datafield tag="951" ind1=" " ind2=" ">
    <subfield code="a">2025-10-17-14:30:52</subfield>
  </datafield>
  <datafield tag="980" ind1=" " ind2=" ">
    <subfield code="a">ARTICLE</subfield>
  </datafield>
</record>
</collection>